Aktivizér - moderné online vyhľadávanie aktivít

Uložené v:
Podrobná bibliografia
Hlavný autor: Ljudvigová, Ivana
Médium: Kapitola
Jazyk:Slovak
Predmet:
Tagy: Pridať tag
Žiadne tagy, Buďte prvý, kto otaguje tento záznam!

MARC

LEADER 00000naa$a2200000$$$4500
001 0225871
005 20240502073715.3
041 0 |a slo 
044 |a SK 
245 1 0 |a Aktivizér - moderné online vyhľadávanie aktivít  |c Ivana Ljudvigová 
610 2 0 |a štúdie prípadové 
610 2 0 |a start-up 
610 2 0 |a čas voľný 
610 2 0 |a internet 
610 2 0 |a šport 
610 2 0 |a kultúra 
100 1 |a Ljudvigová, Ivana